Sports Quiz

Random Sports or NBA Quiz

NBA AS-2nd Round Draft Pick Quiz Stats

 Plays Quiz not verified by Sporcle

The NBA only had 2 draft rounds beginning in 1989. the hints are for example the 1st guy was drafted in 2011 with the 60th pick, has been selected as an AS twice for the East squad, plays PG and is still active. Positions are as listed by Basketball Reference. The AS's include injury replacements.
Score 0/17 Timer 08:00
0 Plays Today
Year Drafted-Pick-AS Games-Conf. NBA All Star % Correct
2011-60-2-PG-East*Isaiah Thomas
79.4%
2012-35-2-PF-WestDraymond Green
75.7%
1999-57-2-SG-West*Manu Ginobili
61.9%
2007-48-3-C-West*Marc Gasol
48.7%
2006-47-4-PF-East*Paul Millsap
45.5%
2008-35-1-C-West*DeAndre Jordan
42.3%
2001-31-3-PG-EastGilbert Arenas
39.2%
2003-47-1-PG-EastMo Williams
36.9%
2002-35-2-PF-WestCarlos Boozer
29.6%
Year Drafted-Pick-AS Games-Conf. NBA All Star % Correct
2000-43-1-SG-EastMichael Redd
28.6%
1998-32-2-PF-West-EastRashard Lewis
25.4%
2003-51-1-SF-East*Kyle Korver
23.8%
2001-38-1-C-WestMehmet Okur
23.8%
1990-45-1-PF-EastAntonio Davis
23.8%
1993-37-1-SG-WestNick Van Exel
17.5%
1989-36-1-PF-WestClifford Robinson
15.9%
1990-48-1-SF-WestCedric Ceballos
10.1%

You're not logged in!

Compare scores with friends on all Sporcle quizzes.
Join for Free
OR
Log In

You Might Also Like...

Show Comments

Extras

Top Quizzes Today


Score Distribution

Your Account Isn't Verified!

In order to create a playlist on Sporcle, you need to verify the email address you used during registration. Go to your Sporcle Settings to finish the process.

Report this User

Report this user for behavior that violates our Community Guidelines.

Details: